Úvod do theorie účetní evidence pomůcka ke studiu základů účetní evidence

Saved in:
Bibliographic Details
Main Author: Vihan, S.
Format: Book
Language:Czech
Published: Praha SNP 1957
Tags: Add Tag
No Tags, Be the first to tag this record!

MARC

LEADER 00000nam a2200000 4500
001 c133684
005 20041019155258.9
041 0 |a cze 
044 |a CZ 
245 1 0 |a Úvod do theorie účetní evidence  |b pomůcka ke studiu základů účetní evidence  |c S. Vihan 
264 1 |a Praha  |b SNP  |c 1957 
300 |a 411 s. 
100 1 |a Vihan, S.